| 000 | 01095nam a22003377a 4500 | ||
|---|---|---|---|
| 003 | CHAP | ||
| 005 | 20220329140539.0 | ||
| 008 | 971013c19791966 r 00010 d | ||
| 010 | _a53717 | ||
| 011 | _a54689 | ||
| 035 | _a58840 | ||
| 040 | _cCHAP | ||
| 082 |
_a540 _bW45Y 1970 |
||
| 100 | 0 | 0 |
_aWhite, Emil H. _9121685 |
| 245 | _aFundamentos químicos de las ciencias biológicas | ||
| 260 |
_aMéxico, D.F. : _bUTEHA, _c1979 (c.1966) |
||
| 300 |
_a261 p. _b: ilus. |
||
| 490 |
_aManuales UTEHA _v; 243 |
||
| 500 | _aTrad. de la 2a. ed. en inglés de 1970 | ||
| 590 |
_aBATCH-UPD _b10 _c20130110 _lUCH01 _h1510 |
||
| 590 |
_aBATCH-UPD _b10 _c20130410 _lUCH01 _h0927 |
||
| 590 |
_aBATCH-UPD _b10 _c20130914 _lUCH01 _h0644 |
||
| 590 |
_aCONVERSION _b10 _c20130109 _lUCH01 _h1329 |
||
| 650 | 1 | 4 |
_aBioquímica. _912849 |
| 650 | 1 | 4 |
_aQuímica. _993552 |
| 830 | 0 |
_aManuales UTEHA _v; 243 _970712 |
|
| 901 | _aBK | ||
| 942 | _cLIBRO | ||
| 949 |
_a540 W45Y 1970 _bBC _cLIBRO _d33724000573259 _eLIBRO _fc.2 _gI.c/e _h15102 _i58840 _si |
||
| 949 |
_a540 W45Y 1970 _bBC _cMUT _d-127509 _eMUT _gI.c/e _h11079 _i58840 _si |
||
| 999 |
_c53717 _d53717 |
||